<?xml version="1.0" encoding="UTF-8"?>
<marc:record xmlns:marc="http://www.loc.gov/MARC21/slim">
   <marc:leader>00000nam a2200000 a 4500</marc:leader>
   <marc:datafield ind1="1" ind2=" " tag="100">
      <marc:subfield code="a">Hadler, Colin</marc:subfield>
      <marc:subfield code="4">aut</marc:subfield>
      <marc:subfield code="e">Verfasser/-in</marc:subfield>
   </marc:datafield>
   <marc:datafield ind1="0" ind2="0" tag="245">
      <marc:subfield code="a">Seven Ways to Tell a Lie</marc:subfield>
   </marc:datafield>
   <marc:datafield ind1="0" ind2="0" tag="245">
      <marc:subfield code="c">Colin Hadler</marc:subfield>
   </marc:datafield>
   <marc:datafield ind1=" " ind2="1" tag="264">
      <marc:subfield code="a">Stuttgart</marc:subfield>
      <marc:subfield code="b">Planet!</marc:subfield>
      <marc:subfield code="c">2025</marc:subfield>
   </marc:datafield>
   <marc:datafield ind1="1" ind2=" " tag="520">
      <marc:subfield code="a">Quelle: bn.bibliotheksnachrichten (http://www.biblio.at/literatur/bn/index.html); #Autor: Laila Schmid / HTBLVA Graz-Ortweinschule; #Jeder von uns trägt Geheimnisse in sich. (ab 13) (JE)#In »Seven Ways to Tell a Lie« von Colin Hadler geht es um eine Freundesgruppe, die auseinanderbricht, nachdem eine Freundin, Enya, spurlos verschwindet. Ein Jahr später tauchen plötzlich Deepfake-Videos auf, die intime Geheimnisse der Jugendlichen preisgeben. Widerwillig müssen sie wieder miteinander in Kontakt treten, um dem Täter auf die Spur zu kommen  und vielleicht sogar Enya zu finden, die als Einzige in all die Geheimnisse eingeweiht war.#Der Autor verbindet Spannung, Krimi und Geheimnisse auf gelungene Weise und greift dabei ein hochaktuelles Thema auf: Was passiert, wenn Menschen mit falschen Informationen konfrontiert werden oder selbst zur Zielscheibe von KI-generierten Inhalten werden? Hadler zeigt eindrucksvoll, wie sehr solche Manipulationen das Leben und die Psyche der Betroffenen beeinflussen können. Meiner Meinung nach vermittelt er eindrücklich, dass man nicht alles glauben soll, was man im Internet sieht.#Der Thriller überzeugt mit zahlreichen Wendungen, überraschenden Verstrickungen zwischen den Charakteren und einer Spannung, die von der ersten Seite an fesselt. Ein packendes Buch, das man  nicht nur als Jugendliche*r  kaum aus der Hand legen möchte.</marc:subfield>
   </marc:datafield>
   <marc:datafield ind1=" " ind2=" " tag="020">
      <marc:subfield code="a">9783522508452</marc:subfield>
      <marc:subfield code="9">9783522508452</marc:subfield>
   </marc:datafield>
   <marc:datafield ind1=" " ind2=" " tag="041">
      <marc:subfield code="a">ger</marc:subfield>
   </marc:datafield>
   <marc:datafield ind1=" " ind2=" " tag="300">
      <marc:subfield code="a">360 Seiten</marc:subfield>
   </marc:datafield>
</marc:record>
